[Event "Trophee CCAS GpA"]
[Site "Cap d'Agde FRA"]
[Date "2010.10.23"]
[Round "1"]
[White "Bu, Xiangzhi"]
[Black "Karpov, Anatoly"]
[Result "1-0"]
[WhiteTitle "GM"]
[BlackTitle "GM"]
[WhiteElo "2695"]
[BlackElo "2619"]
[WhiteFideId "8601445"]
[BlackFideId "4100026"]
[EventDate "2010.10.23"]

1. Nf3 Nf6 2. c4 b6 3. g3 Bb7 4. Bg2 e6 5. O-O Be7 6. Nc3 O-O 7. Re1 Ne4 8. Nxe4
Bxe4 9. d3 Bb7 10. e4 c5 11. d4 cxd4 12. Nxd4 Nc6 13. Nb5 d6 14. Be3 a6 15. Nc3
Ne5 16. b3 Rb8 17. a4 Qc7 18. Rc1 Nd7 19. h4 h6 20. f4 Rfe8 21. Bf2 Nf8 22. Qd4
Ba8 23. Red1 Red8 24. Qe3 Nh7 25. Bf3 Bf6 26. Na2 Qc5 27. Qe2 Qc7 28. Nb4 Bb7
29. Nd3 Ba8 30. Kg2 Bc6 31. Rc2 Nf8 32. Nb4 Bb7 33. Rdc1 Re8 34. Nd3 Bc6 35. Ra2
a5 36. g4 g5 37. Qe3 Ng6 38. fxg5 hxg5 39. hxg5 Be7 40. Rh1 e5 41. Rh5 Kg7 42.
Ra1 Rh8 43. Rah1 Bd7 44. Rxh8 Nxh8 45. g6 Nxg6 46. Qh6+ Kg8 47. g5 Bc6 48. Be3
b5 49. axb5 Bd7 50. Nf2 a4 51. Ng4 Bxg4 52. Bxg4 axb3 53. Be6 1-0

[Event "Trophee CCAS GpA"]
[Site "Cap d'Agde FRA"]
[Date "2010.10.23"]
[Round "1"]
[White "Milliet, Sophie"]
[Black "Nguyen, Ngoc Truong Son"]
[Result "0-1"]
[WhiteTitle "IM"]
[BlackTitle "GM"]
[WhiteElo "2388"]
[BlackElo "2633"]
[WhiteFideId "623725"]
[BlackFideId "12401110"]
[EventDate "2010.10.23"]

1. e4 e6 2. d4 d5 3. e5 c5 4. c3 Qb6 5. Nf3 Bd7 6. Bd3 Bb5 7. dxc5 Bxc5 8. b4
Be7 9. O-O Bxd3 10. Qxd3 Nd7 11. Na3 Qc7 12. Nb5 Qb8 13. c4 a6 14. Nc3 Nxe5 15.
Nxe5 Qxe5 16. cxd5 Nf6 17. dxe6 O-O 18. exf7+ Rxf7 19. Bb2 Ng4 20. Qg3 Qxg3 21.
hxg3 Bxb4 22. Ne4 Re8 23. f3 Ne5 24. Rad1 Nc4 25. Bd4 Rd7 26. Bf2 Red8 27. Rb1
Ba3 28. g4 b5 29. Bh4 Rc8 30. Rfd1 Rcc7 31. Bg3 Rb7 32. Bf2 Bf8 33. Rdc1 Nd2 34.
Nxd2 Rxd2 35. a4 b4 36. Rc8 Kf7 37. Rc6 b3 38. Be3 Ra2 39. Rb6 Rxb6 40. Bxb6 b2
41. Bd4 Bc5 0-1

[Event "Trophee CCAS GpA"]
[Site "Cap d'Agde FRA"]
[Date "2010.10.24"]
[Round "2"]
[White "Nguyen, Ngoc Truong Son"]
[Black "Bu, Xiangzhi"]
[Result "1/2-1/2"]
[WhiteTitle "GM"]
[BlackTitle "GM"]
[WhiteElo "2633"]
[BlackElo "2695"]
[WhiteFideId "12401110"]
[BlackFideId "8601445"]
[EventDate "2010.10.23"]

1. d4 Nf6 2. Bf4 e6 3. e3 b6 4. Nd2 Bb7 5. Ngf3 Be7 6. Bd3 O-O 7. O-O c5 8. c3
h6 9. a4 Nc6 10. h3 d6 11. Qe2 a6 12. Bg3 Re8 13. Rfd1 Bf8 14. e4 cxd4 15. Nxd4
Ne5 16. Bc2 Qc7 17. Kh2 g6 18. Kh1 Bg7 19. Bh2 Rac8 20. Re1 Nfd7 21. f4 Nc6 22.
N4f3 Ne7 23. Rad1 Red8 24. Nf1 Nc5 25. Ng3 Bc6 26. f5 Bxa4 27. Bxa4 Nxa4 28.
fxe6 fxe6 29. Nd4 Qd7 30. e5 dxe5 31. Ndf5 exf5 32. Rxd7 Rxd7 33. Nf1 e4 34.
Qxa6 Nc5 35. Qb5 Rc6 36. Bg1 Nd3 37. Ra1 Kh7 38. Ra6 f4 39. Rxb6 e3 40. Bxe3 Rd5
41. Qxd5 Nxd5 42. Rxc6 fxe3 43. Nxe3 Nxe3 44. b4 Nd5 45. b5 Ne5 46. Rd6 Nxc3 47.
b6 Ne4 48. b7 Nxd6 49. b8=Q Ne4 50. Qb7 Ng3+ 51. Kh2 Nf5 52. g4 Nd6 53. Qe7 Nef7
54. h4 Be5+ 55. Kg2 Kg7 56. Qe6 Ne4 57. h5 gxh5 58. gxh5 Nf6 59. Qf5 Kf8 60.
Qc8+ Ne8 61. Qe6 Bf6 62. Qf5 Bg5 63. Qc8 Nd6 64. Qe6 Nf7 65. Qc8 Bd8 66. Qd7 Ng7
67. Qc8 Kg8 68. Qg4 Bg5 69. Qc8+ Nd8 70. Qc4+ Nde6 71. Kf3 Kf7 72. Kg4 Ne8 73.
Qa2 Ke7 74. Qa3+ Kf7 75. Qa2 Be7 76. Qb3 Bd6 77. Kf5 Ng7+ 78. Kg4 Bf4 79. Qb7+
Bc7 80. Qb3 Bd8 81. Qa2 Bg5 82. Qa7+ Kf8 83. Qa8+ Nd8 84. Qa3+ Be7 85. Qa6 Nf7
86. Qa8+ Bd8 87. Qa3+ Kg8 88. Qa2 Ne8 89. Kf5 Kg7 90. Qg2+ Bg5 91. Qb2+ Nf6 92.
Ke6 Nd8+ 93. Ke7 Nc6+ 94. Kd6 Nd8 95. Ke5 1/2-1/2

[Event "Trophee CCAS GpA"]
[Site "Cap d'Agde FRA"]
[Date "2010.10.24"]
[Round "2"]
[White "Kosintseva, Nadezhda"]
[Black "Edouard, Romain"]
[Result "1-0"]
[WhiteTitle "IM"]
[BlackTitle "GM"]
[WhiteElo "2565"]
[BlackElo "2636"]
[WhiteFideId "4134974"]
[BlackFideId "633429"]
[EventDate "2010.10.23"]

1. e4 e6 2. d4 d5 3. Nc3 Nf6 4. e5 Nfd7 5. f4 c5 6. Nf3 Nc6 7. Ne2 Qb6 8. c3 f6
9. g3 cxd4 10. Nexd4 Nxd4 11. cxd4 fxe5 12. fxe5 Bb4+ 13. Kf2 Be7 14. Kg2 Nb8
15. Bd3 Nc6 16. Rf1 Bd7 17. Rf2 O-O-O 18. Be3 Rdf8 19. a3 g5 20. g4 h5 21. h3
hxg4 22. hxg4 Rh6 23. b4 Rfh8 24. Qd2 a5 25. b5 Na7 26. a4 Kb8 27. Bxg5 Bxg5 28.
Qxg5 Rh3 29. Rc1 Rxf3 30. Rxf3 Qxd4 31. Qg7 Rd8 32. Qe7 Rg8 33. Qd6+ Ka8 34.
Rf8+ Rxf8 35. Qxf8+ Nc8 36. Rxc8+ Bxc8 37. Qxc8+ Ka7 38. Be2 Qxe5 39. Qc5+ b6
40. Qe7+ Kb8 41. Bf3 Qb2+ 42. Kh3 Qh8+ 43. Qh4 Qc3 44. Qg3+ Kc8 45. Qf4 Kd7 46.
g5 Qh8+ 47. Kg3 Qh7 48. Qc1 Kd6 49. Qc6+ Ke5 50. Qxb6 Kf5 51. Qe3 Qc7+ 52. Kg2
Qd8 53. Be2 e5 54. Qf3+ Kxg5 55. Qh5+ Kf4 56. Qg4+ Ke3 57. Qf3+ Kd2 58. Qd3+ Kc1
59. Qc3+ Kb1 60. Qxe5 d4 61. Bd3+ Kb2 62. Qe2+ Ka3 63. Bf5 Kxa4 64. Qc4+ Ka3 65.
Qc5+ Kb2 66. Qc2+ Ka3 67. Qc5+ Kb2 68. b6 Qg5+ 69. Kf3 Qe3+ 70. Kg4 Qe2+ 71. Kg5
Qd2+ 72. Kg6 a4 73. Qb5+ Ka3 74. b7 Qg2+ 75. Kf6 Qh2 76. b8=Q Qh6+ 77. Bg6 Qh4+
78. Kf7 1-0

[Event "Trophee CCAS GpA"]
[Site "Cap d'Agde FRA"]
[Date "2010.10.25"]
[Round "4"]
[White "Nguyen, Ngoc Truong Son"]
[Black "Edouard, Romain"]
[Result "1/2-1/2"]
[WhiteTitle "GM"]
[BlackTitle "GM"]
[WhiteElo "2633"]
[BlackElo "2636"]
[WhiteFideId "12401110"]
[BlackFideId "633429"]
[EventDate "2010.10.23"]

1. d4 Nf6 2. Bf4 g6 3. e3 Bg7 4. Nf3 O-O 5. Be2 d6 6. h3 Nbd7 7. O-O b6 8. c4
Bb7 9. Nc3 Ne4 10. Nxe4 Bxe4 11. Bh2 e6 12. Qa4 Qe7 13. Nd2 Bb7 14. Bf3 Bxf3 15.
Nxf3 e5 16. Qc6 Rac8 17. Rac1 a5 18. a3 Qe8 19. b4 axb4 20. axb4 exd4 21. Nxd4
Be5 22. Rc2 Bxh2+ 23. Kxh2 Ne5 24. Qxe8 Rfxe8 25. c5 bxc5 26. bxc5 dxc5 27. Rxc5
Nd7 28. Rc2 c5 29. Rfc1 Rb8 30. Nf3 Kf8 31. Rd1 Rb7 32. h4 Rc7 33. Rdc1 Rec8 34.
Ng5 Nf6 35. Rc4 h6 36. Nf3 h5 37. Ne5 Ke7 38. Nd3 Nd7 39. e4 Kd6 40. Rb1 Ne5 41.
Nxe5 Kxe5 42. Rd1 Ke6 43. Rd5 f5 44. f3 fxe4 45. fxe4 Rd7 46. Rg5 Kf7 47. Kg3
Rd4 48. Rxd4 cxd4 49. Rd5 Rc4 50. Kf4 Ke6 51. g3 Ra4 52. Re5+ Kf6 53. Rd5 Ke6
54. Rb5 d3 55. Rb6+ Ke7 56. Ke3 d2 57. Kxd2 Rxe4 58. Rxg6 Re5 59. Kd3 Kf7 60.
Rd6 Kg7 61. Kd4 Re1 62. Rc6 Rg1 63. Rc3 Kg6 64. Ke4 Re1+ 65. Kf3 Rf1+ 66. Ke2
Rf5 67. Rc6+ Rf6 68. Rc4 Rf8 69. Ke3 Rf1 70. Rc6+ Kf5 71. Rc4 Re1+ 72. Kf3 Rf1+
73. Kg2 Ra1 74. Rc5+ Kg6 75. Kf3 Ra3+ 76. Kf4 Ra4+ 77. Ke5 Rg4 78. Rc3 Kg7 79.
Kf5 Kh7 80. Ra3 Kh6 81. Kf6 1/2-1/2

[Event "Trophee CCAS GpA"]
[Site "Cap d'Agde FRA"]
[Date "2010.10.25"]
[Round "5"]
[White "Bu, Xiangzhi"]
[Black "Kosintseva, Nadezhda"]
[Result "1-0"]
[WhiteTitle "GM"]
[BlackTitle "IM"]
[WhiteElo "2695"]
[BlackElo "2565"]
[WhiteFideId "8601445"]
[BlackFideId "4134974"]
[EventDate "2010.10.23"]

1. c4 Nf6 2. Nc3 e5 3. Nf3 Nc6 4. g3 Nd4 5. Bg2 Nxf3+ 6. Bxf3 Bb4 7. O-O O-O 8.
d3 h6 9. Qa4 a5 10. a3 Bxc3 11. bxc3 Qe7 12. Bg2 d6 13. Qc2 Re8 14. e4 c6 15. f4
b5 16. cxb5 cxb5 17. h3 Bb7 18. Rb1 Bc6 19. Qf2 Rec8 20. g4 Nd7 21. Kh2 Nc5 22.
Qg3 Be8 23. fxe5 Qxe5 24. Bf4 Qxc3 25. Rbd1 Ne6 26. Bxd6 b4 27. e5 Qxa3 28. Bxa8
Rxa8 29. d4 Qa2+ 30. Qg2 Qxg2+ 31. Kxg2 Bb5 32. Rf2 g5 33. d5 Nf4+ 34. Kh2 b3
35. e6 fxe6 36. dxe6 Nxe6 37. Rf6 Bc4 38. Be5 Rd8 39. Rxd8+ Nxd8 40. Rxh6 Nf7
41. Rg6+ Kf8 42. Bb2 a4 43. Rc6 Bb5 44. Rb6 Bd7 45. Kg3 Be8 46. Bf6 Kg8 47. Kf2
Kh7 48. Ke3 Bd7 49. Rb7 Kg6 50. Rb6 Kh7 51. Kd2 Be8 52. Kc3 Bd7 53. Bd4 Be8 54.
Kb4 Nd8 55. Bf6 Nc6+ 56. Kxa4 Nd4+ 57. Ka3 Nf3 58. Kb4 Ng1 59. Bxg5 b2 60. Kc3
Nxh3 61. Be3 Bd7 62. g5 Bf5 63. Kxb2 1-0

[Event "Trophee CCAS GpA"]
[Site "Cap d'Agde FRA"]
[Date "2010.10.26"]
[Round "6"]
[White "Kosintseva, Nadezhda"]
[Black "Nguyen, Ngoc Truong Son"]
[Result "1/2-1/2"]
[WhiteTitle "IM"]
[BlackTitle "GM"]
[WhiteElo "2565"]
[BlackElo "2633"]
[WhiteFideId "4134974"]
[BlackFideId "12401110"]
[EventDate "2010.10.23"]

1. e4 e6 2. d4 d5 3. Nc3 dxe4 4. Nxe4 Bd7 5. Nf3 Bc6 6. Bd3 Nd7 7. O-O Ngf6 8.
Ng3 Be7 9. c3 O-O 10. Qe2 Bxf3 11. Qxf3 c6 12. Re1 Re8 13. Bg5 Qa5 14. Bd2 Rad8
15. Re2 Qd5 16. Ne4 Qh5 17. Qg3 Nf8 18. Nxf6+ Bxf6 19. Rae1 Rd7 20. h3 Red8 21.
Bf4 Ng6 22. Bxg6 hxg6 23. Be5 Rd5 24. Qg4 Qxg4 25. hxg4 g5 26. f3 Kf8 27. Kf2 c5
28. Bxf6 gxf6 29. dxc5 Rxc5 30. Re4 Rd7 31. R1e2 Ke7 32. c4 a5 33. b3 Rd1 34.
Re1 Rd2+ 35. R1e2 Rd1 36. Re1 Rd2+ 37. R1e2 Rd1 38. Re1 1/2-1/2

[Event "Trophee CCAS GpA"]
[Site "Cap d'Agde FRA"]
[Date "2010.10.26"]
[Round "7"]
[White "Edouard, Romain"]
[Black "Bu, Xiangzhi"]
[Result "1/2-1/2"]
[WhiteTitle "GM"]
[BlackTitle "GM"]
[WhiteElo "2636"]
[BlackElo "2695"]
[WhiteFideId "633429"]
[BlackFideId "8601445"]
[EventDate "2010.10.23"]

1. e4 e5 2. Nf3 Nf6 3. Nxe5 d6 4. Nf3 Nxe4 5. d4 d5 6. Bd3 Be7 7. c4 Bb4+ 8.
Nbd2 Nxd2 9. Bxd2 Qe7+ 10. Be2 Bxd2+ 11. Qxd2 O-O 12. O-O-O Bf5 13. g4 Bxg4 14.
Rhg1 Qe4 15. Rxg4 Qxg4 16. Rg1 Qe6 17. Bd3 Kh8 18. Ng5 Qh6 19. f4 dxc4 20. Be4
Nc6 21. Nxh7 f5 22. Nxf8 Rxf8 23. Bf3 Qd6 24. Bxc6 Qxc6 25. d5 Qf6 26. Qb4 Re8
27. Qxc4 Qb6 28. Rg3 Re1+ 29. Kc2 Qf2+ 30. Kb3 Qb6+ 31. Kc2 Qf2+ 32. Kb3 Qb6+ 1/2-1/2